Hóa học 10
Sách có các nội dung như: Nguyên tử, bảng tuần hoàn các nguyên tố hoá học và định luật tuần hoàn, liên kết hoá học, phản ứng oxi hoá khử, nhóm halogen lưu huỳnh, tốc độ phản ứng và cân bằng hoá học. Giúp giáo viên định hướng phương pháp...
保存先:
| 第一著者: | |
|---|---|
| フォーマット: | 図書 |
| 言語: | Undetermined |
| 出版事項: |
Hà Nội
Giáo dục
2008
|
| 主題: | |
| タグ: |
タグ追加
タグなし, このレコードへの初めてのタグを付けませんか!
|
| Thư viện lưu trữ: | Trung tâm Học liệu Trường Đại học Cần Thơ |
|---|
| LEADER | 01061nam a2200217Ia 4500 | ||
|---|---|---|---|
| 001 | CTU_159728 | ||
| 008 | 210402s9999 xx 000 0 und d | ||
| 020 | |c 9600 | ||
| 082 | |a 540.712 | ||
| 082 | |b Tr561/L.10 | ||
| 100 | |a Nguyễn, Xuân Trường | ||
| 245 | 0 | |a Hóa học 10 | |
| 245 | 0 | |c Nguyễn Xuân Trường (Tổng chủ biên) | |
| 260 | |a Hà Nội | ||
| 260 | |b Giáo dục | ||
| 260 | |c 2008 | ||
| 520 | |a Sách có các nội dung như: Nguyên tử, bảng tuần hoàn các nguyên tố hoá học và định luật tuần hoàn, liên kết hoá học, phản ứng oxi hoá khử, nhóm halogen lưu huỳnh, tốc độ phản ứng và cân bằng hoá học. Giúp giáo viên định hướng phương pháp và soạn giáo án giảng dạy môn Hóa học 10. | ||
| 650 | |a Chemistry | ||
| 650 | |x Study and teaching (Secondary) | ||
| 904 | |i Loan (Ngọc Mai) (Bé Ba), Bạch Trúc | ||
| 980 | |a Trung tâm Học liệu Trường Đại học Cần Thơ | ||